Star Wars: TIE Fighter Variants by Picture - Statistics

General Stats
  • This quiz has been taken 48 times
  • The average score is 9 of 33
Answer Stats
Picture Answer % Correct
TIE Fighter
83%
TIE Bomber
74%
TIE Interceptor
74%
TIE Boarding Craft
64%
TIE Defender
64%
TIE Advanced x1
60%
TIE Crawler
48%
TIE Striker
48%
TIE Advanced v1
40%
TIE Silencer
40%
TIE Dagger
36%
TIE Avenger
31%
TIE Reaper
31%
TIE Whisper
19%
TIE Brute
14%
TIE Baron
12%
TIE Hunter
12%
TIE Lander
12%
TIE Phantom
12%
Outland TIE Fighter
10%
TIE Echelon
10%
TIE Mauler
10%
TIE Raptor
10%
First Order TIE Bomber
7%
TIE Oppressor
7%
TIE Punisher
7%
TIE Scout
7%
TIE Aggressor
5%
TIE Predator
5%
TIE Scimitar Assault Bomber
5%
TIE Vanguard
5%
TIE Command Shuttle
2%
TIE Sentinel
2%
No matching quizzes found
Score Distribution
Percent of People with Each Score
Percentile by Number Answered
Your Score History
You have not taken this quiz